[Event "XXXIX Corsicoscacchi A"]
[Site "Corsico ITA"]
[Date "2008.10.03"]
[Round "4"]
[White "Lapiccirella, Daniele"]
[Black "Mastroddi, Emiliano"]
[Result "1-0"]
[WhiteElo "2179"]
[BlackElo "2069"]
[PlyCount "69"]
[EventDate "2008.10.03"]

1. d4 f5 2. Nf3 Nf6 3. c4 e6 4. e3 Be7 5. Nc3 d6 6. Bd3 b6 7. O-O Bb7 8. d5
exd5 9. Bxf5 dxc4 10. Nd4 O-O 11. Ne6 Qe8 12. e4 Na6 13. Nxf8 Qxf8 14. Be6+ Kh8
15. Bxc4 Nc5 16. f3 c6 17. b4 Ncd7 18. a3 Rd8 19. Be2 d5 20. exd5 cxd5 21. Nb5
a5 22. Nd4 Qf7 23. Bd2 Qh5 24. f4 Qf7 25. bxa5 Bc5 26. Bb4 bxa5 27. Bxc5 Nxc5
28. Rc1 Nfe4 29. Nb3 Ne6 30. f5 Nf8 31. Nxa5 Ba8 32. Qd4 Nd7 33. Rc7 Qf8 34.
Bb5 Nef6 35. a4 1-0

[Event "XXXIX Corsicoscacchi A"]
[Site "Corsico ITA"]
[Date "2008.10.03"]
[Round "4"]
[White "Mazzariol, Oscar"]
[Black "Cazzaniga, Walter"]
[Result "0-1"]
[WhiteElo "2070"]
[BlackElo "2160"]
[PlyCount "68"]
[EventDate "2008.10.03"]

1. d4 Nf6 2. c4 g6 3. Nc3 Bg7 4. e4 d6 5. f3 O-O 6. Be3 Nc6 7. Nge2 a6 8. Qd2
Rb8 9. g4 b5 10. cxb5 axb5 11. Ng3 b4 12. Nce2 e5 13. d5 Ne7 14. O-O-O c6 15.
dxc6 Nxc6 16. Kb1 Be6 17. Nc1 Qa5 18. b3 Nd4 19. Bxd4 exd4 20. Bd3 Rfc8 21. Nf5
Bxf5 22. gxf5 Nd7 23. fxg6 hxg6 24. h4 Nf6 25. Rh2 Kh7 26. h5 Nxh5 27. f4 Kg8
28. e5 dxe5 29. f5 Nf4 30. fxg6 fxg6 31. Bc4+ Nd5 32. Qg2 Rxc4 33. bxc4 Nc3+
34. Kc2 Qa4+ 0-1

[Event "XXXIX Corsicoscacchi A"]
[Site "Corsico ITA"]
[Date "2008.10.03"]
[Round "5"]
[White "Bemporad, Filippo"]
[Black "Astengo, Marcello"]
[Result "1/2-1/2"]
[WhiteElo "2055"]
[BlackElo "2100"]
[PlyCount "86"]
[EventDate "2008.10.03"]

1. d4 d5 2. Nf3 c5 3. g3 Nc6 4. Bg2 Nf6 5. c4 dxc4 6. Qa4 Qa5+ 7. Qxa5 Nxa5 8.
Ne5 Nd7 9. Nxd7 Bxd7 10. dxc5 Rc8 11. Bd2 Rxc5 12. Na3 b6 13. Rc1 e6 14. O-O
Rc8 15. Bxa5 Bxa3 16. Bc3 Bf8 17. Rfd1 f6 18. Rd2 Bc5 19. Bd4 Bb4 20. Rdc2 b5
21. Bxa7 Ke7 22. a3 Ba5 23. Bd4 Rhd8 24. Bc3 Bxc3 25. Rxc3 e5 26. Kf1 Be6 27.
Ke1 Rb8 28. Rd1 Rxd1+ 29. Kxd1 Kd6 30. Kc1 Kc5 31. Kc2 Bf5+ 32. Kc1 Rd8 33. e3
Bg4 34. b4+ Kb6 35. Kb2 Bd1 36. Kc1 Be2 37. Kb2 Rd1 38. Rc1 f5 39. Rxd1 Bxd1
40. Bd5 Kc7 41. f4 Kd6 42. Bg8 h6 43. Kc3 Ba4 1/2-1/2

[Event "XXXIX Corsicoscacchi A"]
[Site "Corsico ITA"]
[Date "2008.10.03"]
[Round "5"]
[White "Brugo, Marco"]
[Black "Lapiccirella, Daniele"]
[Result "1/2-1/2"]
[WhiteElo "2152"]
[BlackElo "2179"]
[PlyCount "44"]
[EventDate "2008.10.03"]

1. d4 d5 2. c4 c6 3. Nc3 Nf6 4. Nf3 e6 5. Bg5 Nbd7 6. e3 Qa5 7. Nd2 Bb4 8. Qc2
Ne4 9. Ndxe4 dxe4 10. Bh4 O-O 11. Be2 e5 12. O-O exd4 13. exd4 Bxc3 14. bxc3
Re8 15. c5 Nf8 16. Bg3 b6 17. Bd6 Bf5 18. Bc4 bxc5 19. Bxc5 Nd7 20. Bb4 Qc7 21.
f3 c5 22. Ba3 cxd4 1/2-1/2

[Event "XXXIX Corsicoscacchi A"]
[Site "Corsico ITA"]
[Date "2008.10.03"]
[Round "5"]
[White "Cazzaniga, Walter"]
[Black "Stips, Felix"]
[Result "1/2-1/2"]
[WhiteElo "2160"]
[BlackElo "2105"]
[PlyCount "59"]
[EventDate "2008.10.03"]

1. d4 Nf6 2. c4 e6 3. Nf3 b6 4. g3 Bb7 5. Bg2 Be7 6. O-O O-O 7. d5 exd5 8. Nh4
c6 9. cxd5 Nxd5 10. Nf5 Bf6 11. e4 Ne7 12. Nd6 Ba6 13. Re1 Be5 14. Nc3 c5 15.
f4 Bxd6 16. Qxd6 Nbc6 17. Be3 Nb4 18. Qd2 d5 19. exd5 Nf5 20. Bf1 Bxf1 21. Kxf1
c4 22. b3 Nd3 23. Re2 b5 24. Kg1 a6 25. Bf2 Ne7 26. bxc4 bxc4 27. Re4 Rc8 28.
Rb1 Nf5 29. a4 Nd6 30. Re2 1/2-1/2

[Event "XXXIX Corsicoscacchi A"]
[Site "Corsico ITA"]
[Date "2008.10.03"]
[Round "5"]
[White "Mastroddi, Emiliano"]
[Black "Mazzariol, Oscar"]
[Result "1/2-1/2"]
[WhiteElo "2069"]
[BlackElo "2070"]
[PlyCount "45"]
[EventDate "2008.10.03"]

1. e4 d6 2. d4 Nf6 3. Nc3 Nbd7 4. f4 e5 5. Nf3 exd4 6. Nxd4 Nc5 7. Bd3 Be7 8.
Bd2 O-O 9. Qe2 Re8 10. O-O-O Bf8 11. Rde1 g6 12. h3 Ncxe4 13. Nxe4 Nxe4 14.
Bxe4 d5 15. Qd3 dxe4 16. Rxe4 Rxe4 17. Qxe4 c5 18. Nf3 Bg7 19. Qe3 b6 20. Rd1
Bb7 21. Bc3 Qc7 22. Bxg7 Kxg7 23. g3 1/2-1/2

[Event "XXXIX Corsicoscacchi FIDE"]
[Site "Corsico ITA"]
[Date "2008.10.04"]
[Round "1"]
[White "Berni, Giorgio"]
[Black "Gagliardi, Christian"]
[Result "0-1"]
[WhiteElo "2240"]
[BlackElo "2188"]
[PlyCount "134"]
[EventDate "2008.10.04"]

1. e4 e5 2. Nf3 Nc6 3. Bb5 a6 4. Ba4 Nf6 5. d3 Bc5 6. O-O d6 7. c3 b5 8. Bb3
Bb7 9. Bg5 h6 10. Bh4 g5 11. Bg3 O-O 12. Re1 Re8 13. Nbd2 Bb6 14. Nf1 Ne7 15.
h4 g4 16. N3h2 Qd7 17. Ne3 Bc8 18. Qe2 Kg7 19. Bd1 h5 20. Kh1 Kh7 21. Bc2 Qd8
22. f3 Rg8 23. d4 Ng6 24. fxg4 hxg4 25. Rad1 Nh5 26. Qf2 Nxg3+ 27. Qxg3 Qxh4
28. Qxh4+ Nxh4 29. Nd5 Rh8 30. Nxb6 cxb6 31. Kg1 Kg7 32. Nf1 Be6 33. Bb1 Kf6
34. Ng3 Ke7 35. Nf5+ Bxf5 36. exf5 f6 37. Be4 Rad8 38. Rf1 d5 39. Bd3 e4 40.
Be2 Rdg8 41. Rf4 Nf3+ 42. Kf2 g3+ 43. Ke3 Nh4 44. Rg1 Rg5 45. Bg4 Kd6 46. Ke2
Rg7 47. a3 a5 48. Bh3 Nf3 49. gxf3 Rxh3 50. fxe4 Rh2+ 51. Kf3 Rf2+ 52. Ke3 Rxb2
53. Rf3 Rb3 54. Kf4 dxe4 55. Kxe4 Rg4+ 56. Kd3 b4 57. axb4 axb4 58. Kc4 Rxc3+
59. Rxc3 bxc3 60. Kxc3 Kd5 61. Kd3 Rxd4+ 62. Ke3 Rg4 63. Kf3 Rg5 64. Rd1+ Kc6
65. Kg2 b5 66. Re1 Rxf5 67. Kxg3 b4 0-1

[Event "XXXIX Corsicoscacchi FIDE"]
[Site "Corsico ITA"]
[Date "2008.10.04"]
[Round "1"]
[White "Lettieri, Giuseppe"]
[Black "Castaldo, Folco"]
[Result "1/2-1/2"]
[WhiteElo "2362"]
[BlackElo "2387"]
[PlyCount "51"]
[EventDate "2008.10.04"]

1. d4 f5 2. c4 e6 3. g3 Nf6 4. Bg2 Be7 5. Nf3 O-O 6. O-O d6 7. Nc3 a5 8. Re1
Ne4 9. Qc2 Nxc3 10. bxc3 Nc6 11. d5 Ne5 12. Nd4 Nxc4 13. dxe6 d5 14. Nxf5 Bxe6
15. Nxe7+ Qxe7 16. e4 Qc5 17. Be3 Nxe3 18. Rxe3 Rad8 19. Rd1 c6 20. Qb3 b5 21.
Rd4 b4 22. exd5 Bxd5 23. Bxd5+ Rxd5 24. Rc4 Rd1+ 25. Qxd1 Qxc4 26. Qb3 1/2-1/2

[Event "XXXIX Corsicoscacchi FIDE"]
[Site "Corsico ITA"]
[Date "2008.10.04"]
[Round "1"]
[White "Stella, Andrea"]
[Black "Sbarra, Marco"]
[Result "1/2-1/2"]
[WhiteElo "2234"]
[BlackElo "2204"]
[PlyCount "125"]
[EventDate "2008.10.04"]

1. d4 d5 2. c4 e6 3. Nf3 c5 4. cxd5 exd5 5. Bg5 Be7 6. Bxe7 Nxe7 7. dxc5 O-O 8.
Nbd2 Qa5 9. e3 Qxc5 10. Be2 Nbc6 11. O-O Be6 12. Nb3 Qd6 13. Rc1 Rfd8 14. Qd2
d4 15. Nc5 Rab8 16. exd4 Bd5 17. Nb3 Nf5 18. Rfd1 Bxb3 19. axb3 Nfxd4 20. Nxd4
Nxd4 21. Qe3 Qf4 22. Bc4 Qxe3 23. fxe3 Nc6 24. Bd5 Kf8 25. e4 Ke7 26. Ra1 Rd7
27. Rdc1 Nd4 28. Rf1 f6 29. Rxa7 Rc7 30. Ra4 Ne6 31. Rc4 b5 32. Rc3 Ra7 33. e5
fxe5 34. Re3 Kd6 35. Bxe6 Kxe6 36. Rfe1 Kf6 37. Rxe5 Rc7 38. Re8 Rb6 39. R1e2
Rd7 40. Kf2 Rd3 41. R8e3 Rbd6 42. Rf3+ Rxf3+ 43. Kxf3 Rd3+ 44. Re3 Rd4 45. Ke2
h5 46. Rc3 Rb4 47. Re3 Rd4 48. Rf3+ Ke6 49. Rg3 Kf6 50. h3 g6 51. Rc3 Rb4 52.
Re3 Rd4 53. g3 g5 54. Rc3 Rb4 55. Ke3 Kf5 56. Rc5+ Kf6 57. Rc3 Kf5 58. g4+ hxg4
59. Rc5+ Ke6 60. hxg4 Rxb3+ 61. Ke4 Rb4+ 62. Ke3 Rb3+ 63. Ke4 1/2-1/2

[Event "XXXIX Corsicoscacchi FIDE"]
[Site "Corsico ITA"]
[Date "2008.10.05"]
[Round "2"]
[White "Gagliardi, Christian"]
[Black "Castaldo, Folco"]
[Result "0-1"]
[WhiteElo "2188"]
[BlackElo "2387"]
[PlyCount "68"]
[EventDate "2008.10.04"]

1. e4 c5 2. Nf3 g6 3. d4 cxd4 4. Nxd4 Nc6 5. Nc3 Bg7 6. Be3 Nf6 7. f3 O-O 8.
Qd2 d5 9. Nxc6 bxc6 10. e5 Ne8 11. f4 f6 12. exf6 Nxf6 13. Be2 Rb8 14. Rb1 Ng4
15. Bxa7 Rb7 16. Bc5 Qa5 17. b4 Qxc5 18. bxc5 Bxc3 19. Rxb7 Bxd2+ 20. Kxd2 Bxb7
21. Bxg4 Rxf4 22. Be2 Bc8 23. Rb1 Bf5 24. Rb6 Rf2 25. Ke3 Rxg2 26. Rxc6 d4+ 27.
Kf3 Rxh2 28. Bc4+ Kg7 29. Bb3 e5 30. Rd6 h5 31. Kg3 Rh3+ 32. Kf2 Rc3 33. c6 Rc5
34. a4 Kf8 0-1

[Event "XXXIX Corsicoscacchi FIDE"]
[Site "Corsico ITA"]
[Date "2008.10.05"]
[Round "2"]
[White "Sbarra, Marco"]
[Black "Ranieri, Fabrizio"]
[Result "1-0"]
[WhiteElo "2204"]
[BlackElo "2238"]
[PlyCount "85"]
[EventDate "2008.10.04"]

1. d4 e6 2. c4 d5 3. Nc3 c6 4. e3 Nf6 5. Nf3 Nbd7 6. Qc2 Bd6 7. Be2 O-O 8. O-O
e5 9. cxd5 cxd5 10. Nb5 Bb8 11. dxe5 Nxe5 12. Bd2 Bg4 13. Nbd4 Bd6 14. Rfd1 Rc8
15. Qb3 Nxf3+ 16. Bxf3 Bxf3 17. Nxf3 Qe7 18. Bc3 Rc5 19. Bd4 Ra5 20. Qc3 b6 21.
a3 Ne4 22. Qc2 Qe6 23. b4 Ra6 24. Qd3 Qc8 25. Bb2 Rd8 26. Rac1 Qb7 27. Nd4 b5
28. Nxb5 Bxh2+ 29. Kf1 Re6 30. Nd4 Rg6 31. Nf3 Bc7 32. Be5 Bxe5 33. Nxe5 Rgd6
34. b5 Qe7 35. Nf3 g5 36. Nd4 Rf6 37. Rc2 Qd6 38. Kg1 Rh6 39. g3 Qf6 40. Qe2
Rd6 41. Qg4 Rh1+ 42. Kxh1 Qxf2 43. Qc8+ 1-0

[Event "XXXIX Corsicoscacchi FIDE"]
[Site "Corsico ITA"]
[Date "2008.10.05"]
[Round "2"]
[White "Stella, Andrea"]
[Black "Lettieri, Giuseppe"]
[Result "1/2-1/2"]
[WhiteElo "2234"]
[BlackElo "2362"]
[PlyCount "147"]
[EventDate "2008.10.04"]

1. d4 d5 2. c4 Bf5 3. Nc3 e6 4. Nf3 Nc6 5. a3 Nf6 6. Bg5 Be7 7. e3 O-O 8. Rc1
Na5 9. cxd5 exd5 10. b4 Nc6 11. Bxf6 Bxf6 12. Qb3 Ne7 13. Be2 c6 14. O-O b5 15.
Nd2 Qd6 16. Rfd1 Bg5 17. Bf3 Qg6 18. Ne2 a5 19. a4 Rfb8 20. bxa5 Rxa5 21. axb5
Rbxb5 22. Qc3 Ra2 23. Ra1 Rbb2 24. Rxa2 Rxa2 25. Ra1 Rxa1+ 26. Qxa1 Qd6 27. Qa5
Nc8 28. Ng3 Be6 29. Be2 g6 30. Nb3 Bd8 31. Qc3 h5 32. Nc5 h4 33. Nf1 Bb6 34.
Nd3 Ne7 35. Qb3 Bc7 36. Nc5 Bc8 37. Ba6 Bf5 38. Bd3 Bc8 39. Ba6 Bg4 40. Qb7 Kg7
41. Qb2 Qf6 42. Be2 Bc8 43. Ba6 Bf5 44. Bd3 Bd6 45. Bxf5 Nxf5 46. Nd3 Qe7 47.
Qe2 h3 48. Qg4 hxg2 49. Ng3 Nh6 50. Qc8 Qh4 51. Qxc6 Ng4 52. Kxg2 Qxh2+ 53. Kf3
Bxg3 54. fxg3 Qh5 55. Kg2 Nxe3+ 56. Kf2 Ng4+ 57. Kg2 Qh2+ 58. Kf3 Nf6 59. Nf2
Ne4 60. Nxe4 Qh1+ 61. Kf2 Qxe4 62. Qc3 Kf6 63. Qd2 Kf5 64. Qd1 g5 65. Qd2 f6
66. Qd1 g4 67. Kg1 Qf3 68. Qc2+ Kg5 69. Qd2+ Kh5 70. Qh2+ Kg6 71. Qc2+ f5 72.
Kh2 Qf1 73. Qc6+ Kg5 74. Qh6+ 1/2-1/2

[Event "XXXIX Corsicoscacchi FIDE"]
[Site "Corsico ITA"]
[Date "2008.10.05"]
[Round "3"]
[White "Castaldo, Folco"]
[Black "Sbarra, Marco"]
[Result "1-0"]
[WhiteElo "2387"]
[BlackElo "2204"]
[PlyCount "101"]
[EventDate "2008.10.04"]

1. d4 d5 2. c4 e6 3. Nf3 c5 4. cxd5 exd5 5. g3 Nc6 6. Bg2 Nf6 7. O-O Be7 8. Nc3
O-O 9. Bg5 cxd4 10. Nxd4 h6 11. Be3 Bg4 12. Qa4 Na5 13. Rad1 Nc4 14. Bc1 Qc8
15. Qb5 Bc5 16. Nxd5 Nxd5 17. Qxc4 Nb6 18. Qb5 Re8 19. Bf3 Bxd4 20. Rxd4 Bxf3
21. exf3 Rd8 22. Be3 Qe6 23. Rxd8+ Rxd8 24. Qa5 Rd3 25. Bxb6 Qxb6 26. Qxb6 axb6
27. Rc1 Rd7 28. Rc8+ Kh7 29. Kf1 Kg6 30. Ke2 Kf5 31. h4 h5 32. Rc4 g6 33. Rb4
Rd6 34. Rb5+ Kf6 35. g4 hxg4 36. fxg4 Ke7 37. Ke3 Kf6 38. f3 Rc6 39. a4 Ke6 40.
b3 Kf6 41. f4 Kg7 42. Kd4 Kf6 43. f5 gxf5 44. Rxf5+ Kg7 45. Rd5 Rc1 46. Ke5 Rc3
47. Rb5 Rc6 48. h5 Re6+ 49. Kf5 Rf6+ 50. Ke4 Rc6 51. g5 1-0

[Event "XXXIX Corsicoscacchi FIDE"]
[Site "Corsico ITA"]
[Date "2008.10.05"]
[Round "3"]
[White "Lettieri, Giuseppe"]
[Black "Berni, Giorgio"]
[Result "1-0"]
[WhiteElo "2362"]
[BlackElo "2240"]
[PlyCount "55"]
[EventDate "2008.10.04"]

1. e4 c5 2. Nf3 e6 3. c3 d5 4. exd5 Qxd5 5. d4 Nf6 6. Bd3 Nc6 7. Be3 cxd4 8.
cxd4 a6 9. Nc3 Qd6 10. a3 Be7 11. O-O O-O 12. Qe2 b5 13. Rad1 Bb7 14. Bg5 Rad8
15. Rfe1 Rfe8 16. Bb1 b4 17. axb4 Nxb4 18. Ne5 Nbd5 19. Qd3 g6 20. Qh3 Nxc3 21.
bxc3 Nh5 22. Bc1 Bf6 23. Ng4 e5 24. Nh6+ Kg7 25. Nf5+ gxf5 26. Qxh5 Qd5 27. f3
Qd6 28. Bxf5 1-0

[Event "XXXIX Corsicoscacchi FIDE"]
[Site "Corsico ITA"]
[Date "2008.10.05"]
[Round "3"]
[White "Ranieri, Fabrizio"]
[Black "Stella, Andrea"]
[Result "1/2-1/2"]
[WhiteElo "2238"]
[BlackElo "2234"]
[PlyCount "129"]
[EventDate "2008.10.04"]

1. e4 e6 2. d4 d5 3. Nc3 Bb4 4. e5 c5 5. a3 Bxc3+ 6. bxc3 Ne7 7. Qg4 O-O 8. Bd3
f5 9. exf6 Rxf6 10. Qh5 h6 11. Nf3 c4 12. Be2 Nbc6 13. O-O Bd7 14. Rb1 Qc7 15.
Qh4 Raf8 16. Qg3 Qc8 17. Ne5 Be8 18. a4 Nf5 19. Qh3 Qc7 20. Ng4 Rg6 21. Ba3
Nce7 22. Ne5 Rgf6 23. a5 Ba4 24. Rb2 Rb8 25. f4 Nd6 26. Bg4 Nef5 27. Bc5 b6 28.
axb6 axb6 29. Rfb1 Nc8 30. Bb4 Bd7 31. Ra2 Rb7 32. Rba1 Ra7 33. Rxa7 Nxa7 34.
Qf3 Nc6 35. Ra8+ Kh7 36. Bxf5+ Rxf5 37. Qg3 Nxe5 38. dxe5 Bc6 39. Rf8 Rxf8 40.
Bxf8 Qf7 41. Bd6 Qf5 42. Qf2 Ba4 43. Qxb6 Qxf4 44. h3 Bxc2 45. Qf2 Qc1+ 46. Kh2
Be4 47. Qg3 Qd2 48. Bf8 Bg6 49. Bc5 Be4 50. Bf8 g5 51. Bc5 Qf4 52. Be3 Qxg3+
53. Kxg3 Kg6 54. Kf2 Kf5 55. Bd4 Bd3 56. Kf3 Bc2 57. g4+ Kg6 58. Kg3 Kf7 59. h4
gxh4+ 60. Kxh4 Kg6 61. Be3 d4 62. Bxd4 Be4 63. Be3 Bc2 64. Bd4 Be4 65. Kg3
1/2-1/2

[Event "XXXIX Corsicoscacchi FIDE"]
[Site "Corsico ITA"]
[Date "2008.10.11"]
[Round "4"]
[White "Castaldo, Folco"]
[Black "Ranieri, Fabrizio"]
[Result "1/2-1/2"]
[WhiteElo "2387"]
[BlackElo "2238"]
[PlyCount "79"]
[EventDate "2008.10.04"]

1. d4 d5 2. c4 e6 3. Nf3 c6 4. e3 Nf6 5. Bd3 Nbd7 6. O-O a6 7. b3 Bd6 8. Bb2
O-O 9. Nbd2 Re8 10. Qc2 e5 11. cxd5 cxd5 12. dxe5 Nxe5 13. Nxe5 Bxe5 14. Bxe5
Rxe5 15. Rac1 Re7 16. Nf3 Bg4 17. Nd4 Rc8 18. Qb2 Rec7 19. h3 Rxc1 20. Rxc1
Rxc1+ 21. Qxc1 Qc8 22. Qb2 Bd7 23. b4 h6 24. a3 Qc7 25. Ne2 Qb6 26. Qe5 Qd8 27.
Nc3 Qe8 28. Qd6 Bc6 29. Qc5 Qd7 30. a4 Qe6 31. b5 axb5 32. axb5 Be8 33. Qd4 Bd7
34. Bc2 Qd6 35. Bb3 Be6 36. e4 Qf4 37. Nxd5 Bxd5 38. Bxd5 Nxd5 39. Qxd5 Qc1+
40. Kh2 1/2-1/2

[Event "XXXIX Corsicoscacchi FIDE"]
[Site "Corsico ITA"]
[Date "2008.10.11"]
[Round "4"]
[White "Gagliardi, Christian"]
[Black "Lettieri, Giuseppe"]
[Result "1-0"]
[WhiteElo "2188"]
[BlackElo "2362"]
[PlyCount "77"]
[EventDate "2008.10.04"]

1. e4 e6 2. d4 d5 3. Nc3 Nf6 4. Bg5 dxe4 5. Nxe4 Be7 6. Bxf6 gxf6 7. Nf3 b6 8.
Bb5+ c6 9. Bc4 f5 10. Ng3 b5 11. Bb3 Bf6 12. Qe2 O-O 13. c3 Na6 14. O-O Nc7 15.
Ne5 Bb7 16. Rad1 Nd5 17. Nh5 Bg7 18. Nxg7 Kxg7 19. Bxd5 Qxd5 20. Rd3 f6 21.
Rg3+ Kh8 22. Nd3 Rae8 23. Re1 Bc8 24. a3 Rg8 25. Qh5 e5 26. Qh4 Rxg3 27. hxg3
Rf8 28. Qh6 Rf7 29. Nf4 Qd8 30. dxe5 Kg8 31. e6 Rg7 32. Nh5 Rg6 33. Qe3 Qe7 34.
Nf4 Rg7 35. Qd3 Kf8 36. Qxf5 Rg5 37. Qd3 Re5 38. Rxe5 fxe5 39. Qf5+ 1-0

[Event "XXXIX Corsicoscacchi FIDE"]
[Site "Corsico ITA"]
[Date "2008.10.11"]
[Round "4"]
[White "Sbarra, Marco"]
[Black "Berni, Giorgio"]
[Result "1/2-1/2"]
[WhiteElo "2204"]
[BlackElo "2240"]
[PlyCount "107"]
[EventDate "2008.10.04"]

1. d4 d5 2. c4 e6 3. Nc3 Nf6 4. cxd5 exd5 5. Bg5 c6 6. e3 Be7 7. Qc2 Nbd7 8.
Bd3 Nh5 9. Bxe7 Qxe7 10. Nge2 g6 11. O-O O-O 12. Rab1 Ng7 13. b4 a6 14. Rfe1
Nb6 15. Ng3 h5 16. e4 dxe4 17. Ngxe4 Ne6 18. Nc5 Qf6 19. N3e4 Qxd4 20. Rbd1 Qg7
21. Nd6 Nd4 22. Qd2 Bg4 23. Rc1 Qf6 24. Nce4 Qe5 25. f4 Qg7 26. Nc5 Nd5 27.
Ncxb7 Qf6 28. Rc4 Nxf4 29. Rf1 Bf3 30. gxf3 Qg5+ 31. Kh1 Nde2 32. Rxf4 Nxf4 33.
Ne4 Qe5 34. Bc4 Nd5 35. Bxd5 cxd5 36. Qxd5 Qxd5 37. Nf6+ Kg7 38. Nxd5 Rab8 39.
Na5 Rb5 40. Ne7 Rxb4 41. Rf2 Re8 42. Nac6 Rc4 43. Rd2 Kf8 44. Rd7 Rc1+ 45. Kg2
Rc2+ 46. Kg3 Rxa2 47. f4 Rc2 48. Ra7 a5 49. f5 gxf5 50. Rxa5 Rc4 51. Rxf5 h4+
52. Kh3 Rxe7 53. Nxe7 Kxe7 54. Rh5 1/2-1/2

[Event "XXXIX Corsicoscacchi FIDE"]
[Site "Corsico ITA"]
[Date "2008.10.11"]
[Round "5"]
[White "Berni, Giorgio"]
[Black "Stella, Andrea"]
[Result "0-1"]
[WhiteElo "2240"]
[BlackElo "2234"]
[PlyCount "40"]
[EventDate "2008.10.04"]

1. e4 e6 2. d4 d5 3. e5 c5 4. c3 Qb6 5. Nf3 Nc6 6. a3 Nh6 7. b4 cxd4 8. cxd4
Nf5 9. Be3 f6 10. exf6 gxf6 11. Nc3 Nxe3 12. fxe3 Bh6 13. e4 dxe4 14. Nxe4 O-O
15. Bc4 Kh8 16. Qd3 e5 17. d5 f5 18. dxc6 fxe4 19. Qxe4 Bf5 20. Qe2 e4 0-1

[Event "XXXIX Corsicoscacchi FIDE"]
[Site "Corsico ITA"]
[Date "2008.10.11"]
[Round "5"]
[White "Lettieri, Giuseppe"]
[Black "Sbarra, Marco"]
[Result "1-0"]
[WhiteElo "2362"]
[BlackElo "2204"]
[PlyCount "79"]
[EventDate "2008.10.04"]

1. d4 d5 2. Bg5 h6 3. Bh4 c6 4. Nf3 Qb6 5. Qc1 Bf5 6. e3 Nd7 7. c4 e6 8. Nc3
Be7 9. Bg3 Ngf6 10. c5 Qd8 11. Be2 O-O 12. O-O Ne4 13. Nxe4 Bxe4 14. Nd2 Bg6
15. b4 Bf6 16. Qc3 Re8 17. f4 Bh4 18. Bxh4 Qxh4 19. a4 Qd8 20. b5 f6 21. Bd3
Bxd3 22. Qxd3 Qc7 23. a5 a6 24. b6 Qd8 25. e4 Qe7 26. f5 e5 27. exd5 cxd5 28.
Rac1 Nb8 29. dxe5 Qxe5 30. Nf3 Qe4 31. Rfd1 Nc6 32. Qxd5+ Qxd5 33. Rxd5 Rad8
34. Rcd1 Rxd5 35. Rxd5 Nxa5 36. Rd7 Rc8 37. Rc7 Rd8 38. Kf2 Rd5 39. Ke3 Nb3 40.
c6 1-0

[Event "XXXIX Corsicoscacchi FIDE"]
[Site "Corsico ITA"]
[Date "2008.10.11"]
[Round "5"]
[White "Ranieri, Fabrizio"]
[Black "Gagliardi, Christian"]
[Result "1/2-1/2"]
[WhiteElo "2238"]
[BlackElo "2188"]
[PlyCount "63"]
[EventDate "2008.10.04"]

1. e4 e5 2. Nf3 Nc6 3. Bc4 Nf6 4. d3 Bc5 5. Nc3 d6 6. a3 a6 7. b4 Ba7 8. Be3
Bg4 9. Bxa7 Rxa7 10. h3 Bh5 11. Ne2 Bxf3 12. gxf3 Nh5 13. Qd2 Qf6 14. Qe3 Nd4
15. O-O-O Nxe2+ 16. Qxe2 Nf4 17. Qe3 Ra8 18. d4 Qe7 19. dxe5 dxe5 20. Rd2 O-O
21. Rhd1 Rfd8 22. Qa7 b5 23. Bf1 Rdc8 24. Qb7 Ne6 25. Rd7 Qf6 26. R1d3 c5 27.
R3d6 cxb4 28. axb4 Qf4+ 29. Kb1 Nf8 30. Rc7 Rd8 31. Qd5 Rxd6 32. Qxd6 1/2-1/2

[Event "XXXIX Corsicoscacchi FIDE"]
[Site "Corsico ITA"]
[Date "2008.10.12"]
[Round "6"]
[White "Castaldo, Folco"]
[Black "Berni, Giorgio"]
[Result "1-0"]
[WhiteElo "2387"]
[BlackElo "2240"]
[PlyCount "111"]
[EventDate "2008.10.04"]

1. d4 d5 2. c4 e6 3. Nf3 Nf6 4. Nc3 Nbd7 5. Bf4 c6 6. e3 Be7 7. h3 Nf8 8. Bd3
Ng6 9. Bh2 dxc4 10. Bxc4 b5 11. Bd3 Bb7 12. O-O O-O 13. Rc1 Qb6 14. Qb3 Rac8
15. Rfd1 Rfd8 16. Be2 a6 17. Na4 Qa7 18. Nc5 Nd7 19. Nxb7 Qxb7 20. a4 Nb6 21.
axb5 cxb5 22. Nd2 Rxc1 23. Rxc1 Rc8 24. Ra1 Nd5 25. Bg3 Nb4 26. Bf3 Qb6 27. Ne4
Nd5 28. Qd1 f5 29. Nc5 Bxc5 30. Bxd5 exd5 31. dxc5 Qxc5 32. Rxa6 Qc1 33. Ra1
Qc4 34. b3 Qc5 35. Qd3 d4 36. exd4 Qc3 37. Qxc3 Rxc3 38. Ra8+ Kf7 39. Ra7+ Kf6
40. Bc7 Rxb3 41. Bd8+ Ke6 42. Rxg7 Rd3 43. Ba5 Nf4 44. Rb7 Ne2+ 45. Kh2 Nxd4
46. Bb6 Nc6 47. Be3 b4 48. Rxh7 Kd5 49. Rf7 Nd4 50. Rd7+ Kc4 51. Rc7+ Kb3 52.
g4 f4 53. Bxd4 Rxd4 54. g5 Rd6 55. h4 Ka2 56. Kh3 1-0

[Event "XXXIX Corsicoscacchi FIDE"]
[Site "Corsico ITA"]
[Date "2008.10.12"]
[Round "6"]
[White "Gagliardi, Christian"]
[Black "Stella, Andrea"]
[Result "1/2-1/2"]
[WhiteElo "2188"]
[BlackElo "2234"]
[PlyCount "56"]
[EventDate "2008.10.04"]

1. e4 c5 2. Nc3 Nc6 3. f4 g6 4. Nf3 Bg7 5. Bb5 Nd4 6. O-O e6 7. a4 Ne7 8. e5
O-O 9. Nxd4 cxd4 10. Ne4 d5 11. Ng3 a6 12. Bd3 Nc6 13. b3 f6 14. exf6 Qxf6 15.
Ba3 Rf7 16. Qf3 Qh4 17. Ne2 Bd7 18. Bb2 Rd8 19. g3 Qh6 20. Qh1 Bf8 21. Rae1 Bc5
22. h4 Qh5 23. Nc1 Rdf8 24. Kg2 Bb4 25. Be2 Qf5 26. Bd3 Qh5 27. Be2 Qf5 28. Bd3
Qh5 1/2-1/2

[Event "XXXIX Corsicoscacchi FIDE"]
[Site "Corsico ITA"]
[Date "2008.10.12"]
[Round "6"]
[White "Ranieri, Fabrizio"]
[Black "Lettieri, Giuseppe"]
[Result "0-1"]
[WhiteElo "2238"]
[BlackElo "2362"]
[PlyCount "78"]
[EventDate "2008.10.04"]

1. e4 c5 2. Nf3 Nc6 3. d4 cxd4 4. Nxd4 g6 5. Nc3 Bg7 6. Be3 Nf6 7. Bc4 O-O 8.
Bb3 a5 9. a4 Ng4 10. Nxc6 dxc6 11. Qxd8 Rxd8 12. Bb6 Re8 13. O-O Ra6 14. Bc7
Bd4 15. Rad1 e5 16. Rd3 Nf6 17. Rfd1 Bg4 18. Re1 Rc8 19. h3 Rxc7 20. hxg4 Nxg4
21. Nd1 Rb6 22. Ba2 Bxb2 23. Nxb2 Rxb2 24. Bb3 c5 25. f3 Nf6 26. Red1 Kf8 27.
Rc3 Ke7 28. Kf1 c4 29. Rxc4 Rxc4 30. Bxc4 Rxc2 31. Bd3 Rc3 32. Bb5 h5 33. Rb1
Kd6 34. Be2 Kc6 35. Rd1 Kc7 36. Bb5 h4 37. f4 Rc5 38. fxe5 Rxe5 39. Bc4 Nxe4
0-1

[Event "XXXIX Corsicoscacchi FIDE"]
[Site "Corsico ITA"]
[Date "2008.10.12"]
[Round "7"]
[White "Sbarra, Marco"]
[Black "Gagliardi, Christian"]
[Result "0-1"]
[WhiteElo "2204"]
[BlackElo "2188"]
[PlyCount "70"]
[EventDate "2008.10.04"]

1. e4 g6 2. c4 Bg7 3. d4 d6 4. Nc3 Nf6 5. Nf3 O-O 6. Be2 e5 7. d5 a5 8. Bg5 h6
9. Bh4 Na6 10. Nd2 Bd7 11. O-O Nc5 12. Rb1 Kh7 13. b3 Nfxe4 14. Bxd8 Nxc3 15.
Bxc7 Nxd1 16. Rbxd1 Ra6 17. f4 e4 18. a3 Rc8 19. b4 axb4 20. axb4 Rxc7 21. bxc5
Ra2 22. cxd6 Rc8 23. Rfe1 f5 24. Bf1 Ba4 25. Rb1 Bd4+ 26. Kh1 Rxd2 27. Rxb7+
Kh8 28. g4 Rd8 29. gxf5 gxf5 30. Rf7 Rxd6 31. Rb1 Rg6 32. Rb8+ Rg8 33. Rxg8+
Kxg8 34. Rxf5 Bd1 35. Bg2 Bg4 0-1

[Event "XX Festival A"]
[Site "Lucca ITA"]
[Date "2008.10.04"]
[Round "1"]
[White "Giuntoli, Matteo"]
[Black "Franceschi, Riccardo"]
[Result "0-1"]
[WhiteElo "1920"]
[BlackElo "2161"]
[PlyCount "64"]
[EventDate "2008.10.04"]

1. e4 c6 2. d4 d5 3. Nd2 dxe4 4. Nxe4 Nf6 5. Nxf6+ gxf6 6. Be3 Qb6 7. b3 Bf5 8.
Ne2 e6 9. Qd2 Nd7 10. Ng3 Bg6 11. Be2 Qc7 12. O-O h5 13. Bf3 Bd6 14. Rfe1 h4
15. Nf1 Bh5 16. Qe2 Bxf3 17. Qxf3 O-O-O 18. Qh3 f5 19. c4 Rdg8 20. f3 Nf6 21.
d5 c5 22. b4 b6 23. a4 cxb4 24. Bd4 Bc5 25. Bxc5 Qxc5+ 26. Kh1 Re8 27. Nd2 Qf2
28. Nb3 Nh5 29. Rf1 Qb2 30. Rfb1 Qe5 31. Re1 Qc3 32. Rab1 Nf4 0-1

[Event "XX Festival A"]
[Site "Lucca ITA"]
[Date "2008.10.04"]
[Round "1"]
[White "Riccio, Eros"]
[Black "Onesti, Luca"]
[Result "1-0"]
[WhiteElo "2203"]
[BlackElo "1950"]
[PlyCount "67"]
[EventDate "2008.10.04"]

1. e4 e5 2. Nf3 Nc6 3. Bb5 a6 4. Ba4 Nf6 5. O-O b5 6. Bb3 Be7 7. Re1 O-O 8. h3
d6 9. c3 Na5 10. Bc2 c5 11. d4 cxd4 12. cxd4 Qc7 13. Nbd2 Bb7 14. Nf1 Rac8 15.
Re2 Nc6 16. d5 Nb4 17. Bb3 a5 18. a3 Na6 19. Ng3 Rfe8 20. Bg5 Nc5 21. Bc2 b4
22. Nf5 Qb6 23. Nxe7+ Rxe7 24. Bxf6 gxf6 25. Re3 Qd8 26. Nh4 Qf8 27. Nf5 Rec7
28. axb4 axb4 29. Qh5 b3 30. Bxb3 Nxb3 31. Rxb3 Rc1+ 32. Rxc1 Rxc1+ 33. Kh2 Bc8
34. Nh6+ 1-0